Statistics for Five Flags in 45 Seconds #4 (difficulty level 53)

Click here to take the quiz!

General Stats

  • This quiz has been taken 105 times
  • The average score is 5 of 5

Answer Stats

Answer% Correct
New Zealand
100%
Jamaica
96%
Luxembourg
93%
Philippines
91%
Libya
84%

Score Distribution

Percentile by Number Answered

Percent of People with Each Score

Your Score History

You have not taken this quiz